<?xml version="1.0" encoding="UTF-8"?><?xml-stylesheet type="text/xsl" href="static/style.xsl"?><OAI-PMH xmlns="http://www.openarchives.org/OAI/2.0/" xmlns:xsi="http://www.w3.org/2001/XMLSchema-instance" xsi:schemaLocation="http://www.openarchives.org/OAI/2.0/ http://www.openarchives.org/OAI/2.0/OAI-PMH.xsd"><responseDate>2026-05-14T10:59:15Z</responseDate><request verb="GetRecord" identifier="oai:riubu.ubu.es:10259/5254" metadataPrefix="marc">https://riubu.ubu.es/oai/request</request><GetRecord><record><header><identifier>oai:riubu.ubu.es:10259/5254</identifier><datestamp>2021-11-02T12:04:46Z</datestamp><setSpec>com_10259_4201</setSpec><setSpec>com_10259_5086</setSpec><setSpec>com_10259_2604</setSpec><setSpec>col_10259_4505</setSpec></header><metadata><record xmlns="http://www.loc.gov/MARC21/slim" xmlns:doc="http://www.lyncode.com/xoai" xmlns:xsi="http://www.w3.org/2001/XMLSchema-instance" xmlns:dcterms="http://purl.org/dc/terms/" xsi:schemaLocation="http://www.loc.gov/MARC21/slim http://www.loc.gov/standards/marcxml/schema/MARC21slim.xsd">
<leader>00925njm 22002777a 4500</leader>
<datafield tag="042" ind1=" " ind2=" ">
<subfield code="a">dc</subfield>
</datafield>
<datafield tag="720" ind1=" " ind2=" ">
<subfield code="a">Nieto Simavilla, David</subfield>
<subfield code="e">author</subfield>
</datafield>
<datafield tag="720" ind1=" " ind2=" ">
<subfield code="a">Sgouros, Aristotelis P.</subfield>
<subfield code="e">author</subfield>
</datafield>
<datafield tag="720" ind1=" " ind2=" ">
<subfield code="a">Vogiatzis, Georgios G.</subfield>
<subfield code="e">author</subfield>
</datafield>
<datafield tag="720" ind1=" " ind2=" ">
<subfield code="a">Tzoumanekas, Christos</subfield>
<subfield code="e">author</subfield>
</datafield>
<datafield tag="720" ind1=" " ind2=" ">
<subfield code="a">Georgilas, Vasilis</subfield>
<subfield code="e">author</subfield>
</datafield>
<datafield tag="720" ind1=" " ind2=" ">
<subfield code="a">Verbeeten, Wilco M.H.</subfield>
<subfield code="e">author</subfield>
</datafield>
<datafield tag="720" ind1=" " ind2=" ">
<subfield code="a">Theodorou, Doros N.</subfield>
<subfield code="e">author</subfield>
</datafield>
<datafield tag="260" ind1=" " ind2=" ">
<subfield code="c">2020-02</subfield>
</datafield>
<datafield tag="520" ind1=" " ind2=" ">
<subfield code="a">Anisotropic thermal transport induced by deformation&#xd;
and the linear relation between the thermal conductivity and&#xd;
stress tensors, also known as the stress-thermal rule (STR), are&#xd;
tested via molecular dynamics simulations in well-entangled linear&#xd;
polyethylene (PE) and polystyrene (PS) melts subjected to&#xd;
extensional flow. We propose a method to determine the stress&#xd;
in deformed molecular melts, a key component missing in prior&#xd;
simulation studies on thermal transport in polymers that prevented&#xd;
verification of the STR. We compare our results with available data&#xd;
from previous experimental and simulation studies. Thermal&#xd;
conductivity (TC) is found to increase (decrease) in the direction&#xd;
parallel (perpendicular) to the imposed stretch. We find that the STR is valid for both PE and PS over a wide range of deformation&#xd;
rates and stress levels. In direct agreement with experimental evidence and the STR, we observe that for a given strain, the anisotropy&#xd;
in TC increases with the strain rate. Surprisingly, our results for PE question the universal behavior with respect to polymer&#xd;
chemistry suggested by experiments by showing a significantly higher proportionality constant (the stress-thermal coefficient)&#xd;
between stress and anisotropy in TC. We argue that this discrepancy can be explained by the high degree of entanglement&#xd;
interactions in PE affecting the transport of energy at the molecular level. Our conjecture is tested by studying an entangled linear PS&#xd;
melt, a polymer with a much lower entanglement plateau, for which thermal transport experimental results are available. For PS, the&#xd;
normalized stress-thermal coefficient is found to be commensurate with the experimental value. Finally, we test the fundamental&#xd;
molecular hypothesis of preferential energy transport along the backbone of polymer chains used to formulate the STR, which was&#xd;
prompted by early experimental evidence showing an increase in TC with chain length. We are able to establish that the increase in&#xd;
TC with chain length in PE melts fades as the system becomes entangled (i.e., TC remains constant beyond the critical&#xd;
entanglement chain length that marks the transition to entanglement-dominated rheological behavior). Our findings are of key&#xd;
importance in developing robust molecular-to-continuum methodologies for the study of nonisothermal macroscopic flows that are&#xd;
extremely relevant to polymer manufacturing processes.</subfield>
</datafield>
<datafield tag="024" ind2=" " ind1="8">
<subfield code="a">http://hdl.handle.net/10259/5254</subfield>
</datafield>
<datafield ind1=" " ind2=" " tag="653">
<subfield code="a">Stress</subfield>
</datafield>
<datafield ind1=" " ind2=" " tag="653">
<subfield code="a">Thermal conductivity</subfield>
</datafield>
<datafield ind1=" " ind2=" " tag="653">
<subfield code="a">Deformation</subfield>
</datafield>
<datafield ind1=" " ind2=" " tag="653">
<subfield code="a">Magnetic properties Polyethylene</subfield>
</datafield>
<datafield tag="245" ind1="0" ind2="0">
<subfield code="a">Molecular Dynamics Test of the Stress-Thermal Rule in Polyethylene and Polystyrene Entangled Melts</subfield>
</datafield>
</record></metadata></record></GetRecord></OAI-PMH>